00851cam a2200205 a 450000100100000000500170001000800410002704000250006808200230009310000280011624501860014425000110033026000320034130000370037365000250041065000270043570000420046295201260050499900150063000000235420200929150204.0801014s1965 sp af 001 0 spa  aDO-SdBNPbspacBNPHU a639.1bE771c, 19651 aEspaña Paya, J.9748310aCaza de alimañas :blas costumbres, reconocimiento y caza con armas de fuego y cepos de los llamados mamíferos dañinos /cJ. España Paya; prólogo, Jaime de Foxá Torroba. a2a ed. aMadrid :bParaninfo,c1965. a281 p., :bil., retrs. ;c21 cm. 4aCazazEspaña97484 4aPredadoresxCaza974851 aFoxá Torroba, Jaime deeprol.97486 001052708MOaGRbGRcCTd2009-07-10iLF1l0o639.1 E771c, 1965p2354-10r2020-06-25w2020-06-25y2ZPréstamo interno c2196d2196